000 00332nam a2200145Ia 4500
008 230718s9999 xx 000 0 und d
041 _aEng.
082 _a34707
_bDEN-T
100 _aDennis, I.H
245 4 _aThe law of evidence
260 _aPakistan
_bSweet and Masood
_c1999
300 _a701
650 _aLaw
999 _c28657
_d28657